000
00291nam a22001337a 4500
003
OSt
005
20211229162316.0
008
211229b |||||||| |||| 00| 0 eng d
020
_a
0130284181
040
_c
HU
082
_a
005.2762
245
_a
Perl How to Program
942
_2
ddc
_c
BOOKS
_n
0
999
_c
25113
_d
25113